000 004590000a22001810004500
003 MACL
005 20151010120720.0
008 151010b xxu||||| |||| 00| 0 eng d
040 _aMACL
_cMACL
041 _aEnglish
082 _a920/GEO
100 _aGeorge, K M
_914273
245 _aKesari Balakrishna Pillai
_bMakers of Indian Literature
260 _bSahiya Akademi
_c1989
_aNew Delhi
350 _a5
650 _aBioraphy
_99297
942 _cBK
_k920
_2ddc
999 _c5012
_d5012